Spoločenská zodpovednosť podnikania

Príspevok je zameraný na vysvetlenie významu a povinností, ktoré vyplývajú z postavenia spoločensky zodpovedného podniku. Príspevok vymedzuje dôvody, prečo byť spoločensky zodpovedným podnikom v spojitosti s ekonomickým zdôvodnením výhod a nevýhod, ktoré pre podnik prináša spoločensky zodpovedné pod...

Descripción completa

Guardado en:
Detalles Bibliográficos
Autor principal: Rakovská, Júlia, 1972-
Formato: Capítulo de libro
Lenguaje:eslovaco
Materias:
Etiquetas: Agregar Etiqueta
Sin Etiquetas, Sea el primero en etiquetar este registro!

MARC

LEADER 00000nla a2200000 4500
001 0180397
005 20240502073055.0
041 0 |a slo 
044 |a SK 
245 1 0 |a Spoločenská zodpovednosť podnikania  |c Júlia Rakovská 
520 |a Príspevok je zameraný na vysvetlenie významu a povinností, ktoré vyplývajú z postavenia spoločensky zodpovedného podniku. Príspevok vymedzuje dôvody, prečo byť spoločensky zodpovedným podnikom v spojitosti s ekonomickým zdôvodnením výhod a nevýhod, ktoré pre podnik prináša spoločensky zodpovedné podnikanie. 
610 2 0 |a podnikanie zodpovedné 
610 2 0 |a zodpovednosť spoločenská 
610 2 0 |a zodpovednosť podniku spoločenská 
100 1 |a Rakovská, Júlia, 1972-